| 000 | 00725nam a2200205Ii 4500 | ||
|---|---|---|---|
| 003 | JO-AjNU | ||
| 008 | 230605s9999||||xx |||||||||||||| ||und|| | ||
| 040 |
_aJO-AjNU _bara _erda _cJO-AjNU |
||
| 041 | _aara | ||
| 050 | 1 | 4 | _aBJ2128.H3722.1986 |
| 100 | 3 |
_aالحربي،ابي اسحاق ابراهيم بن اسحاق ، البنداري،عبد الغفار سليمان/تحقيق, _eauthor _918294 |
|
| 245 | 0 | 0 | _aإكرام الضيف |
| 250 | _aط1 | ||
| 264 | 3 | 1 | _aبيروت:دار الكتب العلمية ،1986 |
| 300 | _a72ص | ||
| 336 |
_atext _btxt _2rdacontent |
||
| 337 |
_aunmediated _bn _2rdamedia |
||
| 338 |
_avolume _bnc _2rdacarrier |
||
| 650 | 4 |
_aاخلاق اسلامية-اكرام الضيف _918295 |
|
| 999 |
_aA5823 _c9391 _d9391 |
||